000 00406cam a22001097a 4500
008 180718b xxu||||| |||| 00| 0 eng d
082 _aJ72x54 C349
245 _aUrban economic Base : A reveiw of contemporary Indian experience
_cBy Satyesh C. Chakraborty
260 _aCalcutta
_bIndian Institute of management
_c
300 _a61p
650 _aUrbanization --Calcutta (Region) Cities and towns - Calcutta (Region)
999 _c409991
_d409991